Die Hintergründe der Sprachenwahl mit besonderer Rücksicht auf die sozialen Umstände in der Stadt Tolnau

Elmentve itt :
Bibliográfiai részletek
Szerző: Stadler Tibor
További közreműködők: Földes Csaba (Témavezető)
Dokumentumtípus: Szakdolgozat
Megjelent: 1995
Tárgyszavak:
Online Access:http://diploma.bibl.u-szeged.hu/78029
LEADER 00598nta a2200157 i 4500
001 dipl78029
005 20200623124222.0
008 190628s1995 hu om 0|| ger d
040 |a SZTE Diploma Repozitórium  |b hun 
041 |a ger 
100 1 |a Stadler Tibor 
245 1 4 |a Die Hintergründe der Sprachenwahl mit besonderer Rücksicht auf die sozialen Umstände in der Stadt Tolnau  |h [elektronikus dokumentum] /  |c Tibor Stadler 
260 |c 1995 
650 4 |a Pedagógusképzés 
700 1 |a Földes Csaba  |e ths 
856 4 0 |u http://diploma.bibl.u-szeged.hu/id/eprint/78029/1/1995_stadler_tibor.pdf  |z Dokumentum-elérés